Normal view MARC view
  • Teare, Scott W.

Entry Personal Name

Number of records used in: 1

001 - CONTROL NUMBER

  • control field: 41956

003 - CONTROL NUMBER IDENTIFIER

  • control field: DLC

005 - DATE AND TIME OF LATEST TRANSACTION

  • control field: 20181210112028.0

008 - FIXED-LENGTH DATA ELEMENTS

  • fixed length control field: 060509n| azannaabn |n aaa

010 ## - LIBRARY OF CONGRESS CONTROL NUMBER

  • LC control number: n 2006036360

035 ## - SYSTEM CONTROL NUMBER

  • System control number: (OCoLC)oca06935082

040 ## - CATALOGING SOURCE

  • Original cataloging agency: DLC
  • Language of cataloging: eng
  • Description conventions: rda
  • Transcribing agency: DLC
  • Modifying agency: TxCM
  • Modifying agency: EG-ScBUE

100 1# - HEADING--PERSONAL NAME

  • Personal name: Teare, Scott W.

670 ## - SOURCE DATA FOUND

  • Source citation: Teare, Scott W. Introduction to image stabilization, 2006:
  • Information found: CIP t.p. (Scott W. Teare; Electrical Engineering Dept., New Mexico Tech)

670 ## - SOURCE DATA FOUND

  • Source citation: Restaino, Sergio R. Introduction to liquid crystals for optical design and engineering, 2015:
  • Information found: title page (Scott W. Teare) page 118 (Professor of Electrical Engineering at New Mexico Institute of Mining and Technology in Socorro, New Mexico ; Ph.D. in physics from University of Guelph, Canada ; member of Canadian Association of Physicists ; Fellow of Royal Astronomical Society ; Senior Member of IEEE ; Fellow of SPIE)

670 ## - SOURCE DATA FOUND

  • Source citation: OCLC, viewed September 18, 2015
  • Information found: (access point: Teare, Scott W. ; Teare, Scott William, 1961- ; usage: Scott W. Teare ; Scott William Teare)